[Event "Belgrade Premier League"]
[Site "Belgrade SCG"]
[Date "2005.10.03"]
[Round "3"]
[White "Krnic,Z"]
[Black "Rajkovic,Du"]
[Result "0-1"]
[WhiteElo "2369"]
[BlackElo "2484"]

1.Nf3 Nf6 2.c4 c5 3.Nc3 b6 4.e4 d6 5.d4 cxd4 6.Nxd4 Bb7 7.f3 e6 8.Be3 a6
9.Be2 Nbd7 10.O-O Be7 11.b4 O-O 12.Qb3 Qb8 13.Rfd1 Re8 14.Kh1 h5 15.a4 h4
16.Bf1 Bd8 17.Bf2 Ne5 18.Bxh4 Nxe4 19.Be1 Nf6 20.Bg3 Bc7 21.Re1 Nh5 22.Bf2 Qd8
23.Rad1 Qf6 24.Ne4 Qh6 25.Qe3 Qg6 26.Qd2 Rad8 27.Ng3 Nf6 28.Qc3 Rc8 29.Nb3 Qh6
30.Qc1 Qh7 31.Qb1 Qh6 32.Qc1 Qh8 33.Qb2 Bc6 34.a5 bxa5 35.Nxa5 Ba8 36.c5 Nxf3
37.gxf3 Ng4 38.Bg1 Bxf3+ 39.Bg2 Bxd1 40.Rxd1 dxc5 41.Nf1 cxb4 42.Qxb4 Qh5
43.Nc6 Nxh2 44.Nxh2 Bxh2 45.Bxh2 Qxd1+ 46.Bg1 Qh5+ 47.Bh2 Red8  0-1

[Event "Open A"]
[Site "Hamburg GER"]
[Date "2005.10.04"]
[Round "4"]
[White "Donchenko,A"]
[Black "Schlawin,M"]
[Result "1/2-1/2"]
[WhiteElo "2460"]
[BlackElo "2298"]

1.Nf3 c5 2.c4 Nf6 3.Nc3 d5 4.cxd5 Nxd5 5.e4 Nxc3 6.dxc3 Qxd1+ 7.Kxd1 Nc6
8.Be3 e6 9.a4 b6 10.Bb5 Bb7 11.Kc2 a6 12.Be2 Bd6 13.Nd2 Na5 14.f3 Ke7 15.h3 Rac8
16.Nc4  1/2-1/2

[Event "Open A"]
[Site "Hamburg GER"]
[Date "2005.10.06"]
[Round "6"]
[White "Becker,Mari"]
[Black "Bigalke,A"]
[Result "1/2-1/2"]
[WhiteElo "2135"]
[BlackElo "2026"]

1.Nf3 Nf6 2.c4 g6 3.Nc3 c5 4.d4 cxd4 5.Nxd4 Bg7 6.e4 d6 7.Be2 O-O 8.O-O Nc6
9.Be3 Nxd4 10.Bxd4 b6 11.Bf3 Bb7 12.Qd2 Qd7 13.Nd5 Nxd5 14.exd5 Bxd4 15.Qxd4 Qc7
16.Qd2 e5 17.dxe6 fxe6 18.Bd1 Rad8 19.Kh1 d5 20.cxd5 Rxd5 21.Qe3 Re5 22.Qd2 Rd5
23.Qe3 Re5 24.Qd2  1/2-1/2

[Event "Vojvodina Quality League"]
[Site "Pancevo SCG"]
[Date "2005.10.06"]
[Round "5"]
[White "Munizaba,S"]
[Black "Klasan,V"]
[Result "0-1"]
[WhiteElo "2329"]
[BlackElo "2175"]

1.c4 Nf6 2.Nc3 c5 3.Nf3 d5 4.cxd5 Nxd5 5.Qa4+ Nc6 6.Ne5 Qc7 7.Nxd5 Qxe5 8.Nb6 Rb8
9.Nxc8 Rxc8 10.e3 e6 11.Be2 Be7 12.O-O O-O 13.a3 Rfd8 14.Kh1 Bf6 15.d3 Qc7
16.Rb1 Ne5 17.Rd1 Nd7 18.Bd2 Nb6 19.Qg4 Nd5 20.Rdc1 Qd6 21.Qa4 b6 22.Rc2 Rc7
23.Rbc1 Rdc8 24.Qa6 g6 25.d4 cxd4 26.Qxc8+ Rxc8 27.Rxc8+ Kg7 28.e4 Ne7 29.Bb4 Qf4
30.R8c2 Qxf2 31.Rf1 Qe3 32.Rf3 Qxe4 33.Bd3 Qd5 34.Rcf2 Nf5 35.Kg1 Bg5 36.g4 Be3
37.gxf5 Qxf3  0-1

[Event "Open A"]
[Site "Hamburg GER"]
[Date "2005.10.07"]
[Round "5"]
[White "Semmler,G"]
[Black "Moeller,H"]
[Result "0-1"]
[WhiteElo "2038"]
[BlackElo "2160"]

1.Nf3 c5 2.c4 Nf6 3.Nc3 e6 4.e3 Be7 5.Be2 O-O 6.O-O b6 7.b3 Bb7 8.d3 d5 9.Bb2 Nc6
10.Rc1 Rc8 11.Re1 e5 12.cxd5 Nxd5 13.Qc2 Kh8 14.Qb1 Nxc3 15.Bxc3 Qd6 16.Qb2 f6
17.Red1 Rfd8 18.d4 cxd4 19.exd4 e4 20.Nd2 Qf4 21.Nf1 Bd6 22.g3 Qh6 23.Ne3 Ne7
24.Bg4 Rc7 25.b4 Qg6 26.Be6 f5 27.d5 f4 28.Nf1 Bc8 29.Bd4 Rxc1 30.Rxc1 Bxe6
31.dxe6 Nf5 32.Be5 Qxe6 33.gxf4 h5 34.Ne3 Nh4 35.Kh1 Qh3 36.Rg1 Qf3+ 37.Ng2 Bxe5
38.Qxe5 Rd1 39.Qg5 Rxg1+  0-1

[Event "Lichtenrader Autumn"]
[Site "Berlin GER"]
[Date "2005.10.08"]
[Round "8"]
[White "Jaeschke,J"]
[Black "Hohn,A"]
[Result "1-0"]
[WhiteElo "2173"]
[BlackElo "2108"]

1.c4 c5 2.Nf3 Nf6 3.Nc3 d5 4.cxd5 Nxd5 5.e3 Nc6 6.d4 cxd4 7.exd4 e6 8.Bd3 Ncb4
9.Bb1 Nf6 10.O-O Be7 11.Re1 O-O 12.Bg5 b6 13.a3 Nbd5 14.Qd3 g6 15.Ne5 Bb7
16.Bh6 Re8 17.Ba2 Bf8 18.Bg5 Be7 19.Rad1 Rc8 20.Bc1 Qc7 21.Nb5 Qb8 22.Qh3 Bf8
23.Bg5 Bc6 24.Nc3 Qb7 25.Rc1 Nxc3 26.bxc3 Ne4 27.Bh6 Bxa3 28.Rcd1 Ba4 29.Rd3 Bc2
30.Rde3 Bd6 31.Qf3 Bxe5 32.dxe5 Qe7 33.Rxe4 Bxe4 34.Rxe4 Red8 35.h4 Rd7 36.h5 Rdc7
37.c4 Rc5 38.hxg6 fxg6 39.g3 Ra5 40.Bb3 Ra3 41.c5 Ra1+ 42.Kg2 bxc5 43.Rf4 Ra6
44.Rf6 Rac6 45.Qg4 c4 46.Bc2 Kh8 47.Qg5 R6c7 48.Qh4 a5 49.Bg5 Qe8 50.Rxg6 Qc6+
51.Kh2  1-0

[Event "Open A"]
[Site "Hamburg GER"]
[Date "2005.10.08"]
[Round "8"]
[White "Kopylov,M"]
[Black "Gouliev,N"]
[Result "0-1"]
[WhiteElo "2445"]
[BlackElo "2572"]

1.Nf3 Nf6 2.c4 c5 3.Nc3 g6 4.g3 Bg7 5.Bg2 O-O 6.d4 cxd4 7.Nxd4 Nc6 8.O-O Nxd4
9.Qxd4 d6 10.Qe3 Ng4 11.Qd2 Rb8 12.b3 Qa5 13.Nd5 Qxd2 14.Nxe7+ Kh8 15.Bxd2 Bxa1
16.Rxa1 Be6 17.Bb4 Rbd8 18.h3 Nh6 19.Rd1 Rd7 20.Nd5 Kg7 21.g4 Bxd5 22.Rxd5 Rfd8
23.g5 Nf5 24.e4 Ne7 25.Rd3 f5 26.Bc3+ Kf7 27.Bf6 fxe4 28.Bxe4 Rc8 29.Rf3 d5
30.Bd3 a6 31.a4 Rc6 32.a5 Re6 33.Kg2 Ke8 34.cxd5 Nxd5 35.Bc4 Re4 36.Bb2 Nf4+
37.Kg3 Ne2+ 38.Kg2 Nd4 39.Rf6 Re5 40.f4 Rxa5 41.Kg3 b5 42.Bg8 Nf5+ 43.Kg4 Ra2
44.Be5 Rg2+ 45.Kf3 Rg3+ 46.Ke2 Re3+ 47.Kf1 Rd2 48.Rxf5 gxf5 49.Bxh7 Rxh3
50.Bg6+ Ke7 51.Kg1 Ke6  0-1

[Event "5th ch-Asian"]
[Site "Hyderabad IND"]
[Date "2005.10.09"]
[Round "4"]
[White "Wu Wenjin"]
[Black "Poobesh Anand,S"]
[Result "1-0"]
[WhiteElo "2523"]
[BlackElo "2397"]

1.c4 Nf6 2.Nc3 c5 3.Nf3 b6 4.e4 Bb7 5.e5 Ne4 6.Nb1 f6 7.d3 Ng5 8.Bxg5 fxg5
9.e6 dxe6 10.Nxg5 Qd4 11.Qe2 Qf4 12.Qe3 Qxe3+ 13.fxe3 e5 14.Nc3 g6 15.Ke2 Bh6
16.Nge4 Nd7 17.g3 Bxe4 18.Nxe4 Nf6 19.Bg2 Nxe4 20.Bxe4 Rd8 21.h4 Kf7 22.Raf1+ Kg7
23.g4 g5 24.Rf3 Rdf8 25.Rfh3 gxh4 26.Rxh4 Bg5 27.Rxh7+ Rxh7 28.Rxh7+ Kf6
29.Rh5 Rg8 30.Kf3 Rg7 31.Rh8 e6 32.a3 Rf7 33.Ke2 Ke7 34.b4 Rf8 35.Rh5 Kf6
36.Rh7 Rf7 37.Rh8 Kg7 38.Re8 Be7 39.bxc5 Bxc5 40.Rxe6 Bxa3 41.Rxe5 Re7 42.Rg5+ Kf6
43.Rg6+ Kf7 44.Rc6 Bc5 45.Kf3 Kg7 46.d4 Bb4 47.Bf5 Rf7 48.Rg6+ Kf8 49.e4 Rc7
50.Be6 a5 51.e5 a4 52.c5 bxc5 53.d5 Rh7 54.d6 Rh8 55.Bc4 a3 56.Ke4 Ke8 57.e6 Bc3
58.Rg5 Bd4 59.Rf5  1-0

[Event "5th ch-Asian"]
[Site "Hyderabad IND"]
[Date "2005.10.09"]
[Round "4"]
[White "Sasikiran,K"]
[Black "Annageldyev,O"]
[Result "1/2-1/2"]
[WhiteElo "2663"]
[BlackElo "2469"]

1.Nf3 c5 2.c4 Nf6 3.Nc3 e6 4.g3 b6 5.Bg2 Bb7 6.O-O Be7 7.Re1 Ne4 8.d4 Nxc3
9.bxc3 Be4 10.Bf1 O-O 11.h4 Nc6 12.Nd2 Bg6 13.e3 h6 14.h5 Bh7 15.Nb3 d6 16.Bg2 Rc8
17.e4 Nb8 18.Bf1 e5 19.a4 Nd7 20.a5 cxd4 21.cxd4 exd4 22.Nxd4 Ne5 23.Ra4 bxa5
24.Nf5 Bxf5 25.exf5 Bf6 26.Be2 Re8 27.Be3 Nc6 28.Bf3 Qd7 29.Bg2 Qxf5 30.Qxd6 Ne5
31.c5 Nf3+ 32.Bxf3 Qxf3 33.Rb1 Rxe3 34.Rf4 Qe2 35.fxe3 Qxe3+ 36.Kg2 Qe2+
37.Kg1 Qe3+ 38.Kg2 Rxc5 39.Qd1 Qe5 40.Qd3 Rc3 41.Qe4 a4 42.Re1 Qxe4+ 43.Rexe4 a3
44.Ra4 Be5 45.Rf3 Rc2+ 46.Rf2 Rc3 47.Rf3 Rc2+ 48.Rf2 Rc3 49.g4 g6 50.hxg6 fxg6
51.Re2 Bc7 52.Rxa7 Rg3+ 53.Kf1 Rg1+ 54.Kxg1 Bb6+ 55.Kg2 Bxa7 56.Re6 Kf7 57.Ra6 Bc5
58.Kf3 Be7 59.Ke4 h5 60.gxh5 gxh5 61.Kf5 h4 62.Kg4 Ke8 63.Rxa3 Bxa3 64.Kxh4  1/2-1/2

[Event "TCh-FIN 2005-6"]
[Site "Jyvaskyla FIN"]
[Date "2005.10.09"]
[Round "4"]
[White "Eriksson,Jon FIN"]
[Black "Franssila,T"]
[Result "1-0"]
[WhiteElo "2205"]
[BlackElo "2275"]

1.Nf3 c5 2.c4 Nf6 3.Nc3 g6 4.e4 Bg7 5.d4 cxd4 6.Nxd4 d6 7.Be2 O-O 8.O-O Nc6
9.Be3 Ng4 10.Bxg4 Bxg4 11.Nxc6 Bxd1 12.Nxd8 Bg4 13.Nxb7 Rfb8 14.Na5 Rxb2
15.Rac1 Kf8 16.f3 Bd7 17.Rf2 Rb4 18.Rfc2 f5 19.c5 fxe4 20.cxd6 exd6 21.Nxe4 Ra4
22.Nb3 Bf5 23.Rd1 Bxe4 24.fxe4 Rxe4 25.Bf2 Be5 26.Rc7 Kg8 27.Bd4 Rf8 28.Bxe5 Rxe5
29.Nd4 Rf4 30.Nf3 Ra5 31.Rd2 Rfa4 32.Rcc2 d5 33.Nd4 Rb4 34.Kf2 Rb1 35.Nb3 Rb5
36.Rc8+ Kg7 37.Rc7+ Kh6 38.Rxa7 Rh1 39.h3 g5 40.Nd4 Rbb1 41.Nf3 Rhf1+ 42.Kg3 Rb5
43.Rd7 Ra1 44.Re2 Kg6 45.Re6+  1-0

[Event "Goodbye Summer Open"]
[Site "Omis CRO"]
[Date "2005.10.13"]
[Round "5"]
[White "Cvitan,O"]
[Black "Markovic,A"]
[Result "0-1"]
[WhiteElo "2527"]
[BlackElo "2090"]

1.c4 Nf6 2.Nf3 c5 3.Nc3 e6 4.g3 b6 5.Bg2 Bb7 6.O-O Be7 7.Re1 d6 8.e4 e5 9.Nh4 Nc6
10.Nf5 g6 11.Nxe7 Qxe7 12.d3 Nd4 13.a3 O-O-O 14.b4 Kb8 15.Rb1 Nd7 16.Be3 h5  0-1

[Event "Goodbye Summer Open"]
[Site "Omis CRO"]
[Date "2005.10.13"]
[Round "5"]
[White "Sulava,N"]
[Black "Babic,Dras"]
[Result "1-0"]
[WhiteElo "2493"]
[BlackElo "2316"]

1.Nf3 c5 2.c4 Nf6 3.Nc3 e6 4.g3 b6 5.Bg2 Bb7 6.O-O Be7 7.d4 cxd4 8.Qxd4 Nc6
9.Qf4 d6 10.Rd1 a6 11.b3 Qc7 12.Ba3 Rd8 13.Rac1 Qb8 14.g4 d5 15.Qxb8 Rxb8
16.Bxe7 Nxe7 17.g5 Nh5 18.cxd5 Nxd5 19.Nxd5 Bxd5 20.Ne5 Nf4 21.Bxd5 Nxd5
22.Kf1 f6 23.e4 fxe5 24.exd5 Kd7 25.dxe6+ Kxe6 26.Rc7 g6 27.b4 Rbc8 28.Rdd7 Rxc7
29.Rxc7 Kd6 30.Rb7 Kc6 31.Ra7  1-0

[Event "TCh-CZE Extraliga 2005-6"]
[Site "Czech Rep CZE"]
[Date "2005.10.16"]
[Round "2"]
[White "Jakubiec,A"]
[Black "Ftacnik,L"]
[Result "0-1"]
[WhiteElo "2529"]
[BlackElo "2612"]

1.c4 Nf6 2.Nc3 c5 3.Nf3 e6 4.d4 cxd4 5.Nxd4 Nc6 6.e3 Bb4 7.Nxc6 bxc6 8.Bd2 O-O
9.Bd3 d5 10.Qc2 d4 11.exd4 Qxd4 12.O-O-O Rb8 13.Rhe1 Qxf2 14.Re3 Bd6 15.Rf1 Qxg2
16.Rxf6 gxf6 17.Bxh7+ Kg7 18.Be4 Qxh2 19.Re2 Qh5 20.Rg2+ Kh8 21.Qd3 Be5 22.Rg1 Rg8
23.Rf1 Ba6 24.Qe3 Rg3 25.Qxa7 Bxc4 26.Rxf6 Bxf6 27.Qxb8+ Rg8 28.Qf4 Be5 29.Qe3 Rg3
30.Qc5 Bd5 31.Bc2 Kg7 32.a4 Qg4 33.Qe3  0-1

[Event "Chigorin Mem"]
[Site "St Petersburg RUS"]
[Date "2005.10.16"]
[Round "2"]
[White "Iljin,A"]
[Black "Zakharchenko,A"]
[Result "1-0"]
[WhiteElo "2515"]
[BlackElo "2273"]

1.Nf3 Nf6 2.c4 g6 3.Nc3 c5 4.d4 cxd4 5.Nxd4 Nc6 6.g3 Bg7 7.Bg2 O-O 8.O-O Nxd4
9.Qxd4 d6 10.Qd3 Bf5 11.e4 Be6 12.Bd2 Nd7 13.b3 Nc5 14.Qe2 a5 15.Rac1 Bd7
16.Be3 Bc6 17.Bxc5 dxc5 18.e5 Qc7 19.Bxc6 Qxc6 20.Rfd1 Rad8 21.f4 Kh8 22.Qg2 f6
23.Qxc6 bxc6 24.Ne4 fxe5 25.Nxc5 Rd6 26.fxe5 Bxe5 27.Kg2 Rfd8 28.Rxd6 Rxd6
29.Rc2 Rd4 30.Re2 Bd6 31.Ne6 Rd1 32.c5  1-0

[Event "Chigorin Mem"]
[Site "St Petersburg RUS"]
[Date "2005.10.17"]
[Round "3"]
[White "Tunik,G"]
[Black "Obukhov,A"]
[Result "1/2-1/2"]
[WhiteElo "2457"]
[BlackElo "2528"]

1.Nf3 Nf6 2.c4 c5 3.Nc3 e6 4.d4 cxd4 5.Nxd4 Nc6 6.a3 Nxd4 7.Qxd4 b6 8.Qf4 Ba6
9.e4 d6 10.Bd2 Be7 11.Be2 O-O 12.O-O Rc8 13.b3 Qc7 14.Rfc1 Qb8 15.a4 Bb7
16.a5 bxa5 17.Rxa5 Nd7 18.Rb1 Ne5 19.Raa1 Bf6 20.Qg3 a6 21.Bg5 Nf3+ 22.Bxf3 Bxc3
23.Ra2 Be5 24.Bf4 Rc5 25.Bxe5 Rxe5 26.Rd2 Bxe4 27.Bxe4 Rxe4 28.Rxd6 Rxc4
29.Rxa6 Qb7 30.Qd3 Rg4  1/2-1/2

[Event "2nd Samba Cup"]
[Site "Skanderborg DEN"]
[Date "2005.10.18"]
[Round "5"]
[White "Miton,K"]
[Black "Timofeev,Arty"]
[Result "1/2-1/2"]
[WhiteElo "2636"]
[BlackElo "2658"]

1.Nf3 c5 2.c4 Nf6 3.Nc3 d5 4.cxd5 Nxd5 5.g3 Nc6 6.Bg2 Nc7 7.O-O e5 8.d3 Be7
9.Nd2 Bd7 10.Nc4 f6 11.Be3 O-O 12.Qb3  1/2-1/2

[Event "SCG First League m"]
[Site "Vrnjacka Banja SCG"]
[Date "2005.10.18"]
[Round "2"]
[White "Ivkov,B"]
[Black "Tosic,M"]
[Result "1/2-1/2"]
[WhiteElo "2425"]
[BlackElo "2429"]

1.Nf3 Nf6 2.c4 c5 3.Nc3 e6 4.e3 d5 5.d4 a6 6.a3 dxc4 7.dxc5 Qxd1+ 8.Kxd1 Bxc5
9.Bxc4 b5 10.Bd3 Bb7 11.Ke2 Nbd7 12.b4 Bd6  1/2-1/2

[Event "Femida w"]
[Site "Kharkiv UKR"]
[Date "2005.10.19"]
[Round "4"]
[White "Dvoretska,O"]
[Black "Kostiuk,T"]
[Result "1/2-1/2"]
[WhiteElo "2122"]
[BlackElo "2269"]

1.Nf3 Nf6 2.c4 c5 3.Nc3 g6 4.d4 cxd4 5.Nxd4 Bg7 6.e4 Nc6 7.Be3 O-O 8.Be2 d6
9.O-O Bd7 10.f3 Rc8 11.Rc1 a6 12.Qd2 Nxd4 13.Bxd4 Be6 14.b3 Nd7 15.Bxg7 Kxg7
16.f4 Qb6+ 17.Kh1 Nf6 18.Nd5 Bxd5 19.exd5 Qa7 20.Rce1 Rc7 21.Bd3 Qd4 22.f5 Qc5  1/2-1/2

[Event "SCG First League m"]
[Site "Vrnjacka Banja SCG"]
[Date "2005.10.19"]
[Round "3"]
[White "Cvetkovic,Sr"]
[Black "Perunovic,Mio"]
[Result "0-1"]
[WhiteElo "2408"]
[BlackElo "2374"]

1.c4 e6 2.Nf3 Nf6 3.Nc3 c5 4.g3 b6 5.Bg2 Bb7 6.O-O Be7 7.Re1 Ne4 8.Nxe4 Bxe4
9.d3 Bb7 10.a3 O-O 11.Rb1 d6 12.b4 Nd7 13.Bb2 Qc7 14.Qd2 Rac8 15.Rec1 Rfd8
16.bxc5 Nxc5 17.Qf4 Bf8 18.h4 Qe7 19.h5 h6 20.Ba1 Rc7 21.Nd2 Bxg2 22.Kxg2 Qe8
23.Rh1 Re7 24.Rh4 Qc6+ 25.f3 f5 26.Nb3 Nxb3 27.Rxb3 Rf7 28.Rh1 e5 29.Qe3 Be7
30.Rb5 Bg5 31.Qf2 d5 32.Rxd5 Rxd5 33.cxd5 Qxd5 34.Kh2 f4 35.g4 Rc7 36.Rd1 Rc2
37.Kg2 Bh4 38.Qxh4 Rxe2+  0-1

[Event "SCG First League w"]
[Site "Vrnjacka Banja SCG"]
[Date "2005.10.20"]
[Round "4"]
[White "Maric,A"]
[Black "Bojkovic,N"]
[Result "1/2-1/2"]
[WhiteElo "2420"]
[BlackElo "2386"]

1.Nf3 Nf6 2.c4 e6 3.Nc3 c5 4.g3 b6 5.Bg2 Bb7 6.O-O Be7 7.d4 cxd4 8.Qxd4 d6
9.Bg5 a6 10.Bxf6 Bxf6 11.Qf4 O-O 12.Rfd1 Be7 13.Ne4 Bxe4 14.Qxe4 Ra7 15.Nd4 Rc7
16.b3 Bf6 17.Rac1 Qc8 18.Rc2 Rc5 19.Rcd2 b5 20.cxb5 axb5 21.b4 Rc4 22.Qb1 Qa6
23.Nb3 Rxb4 24.Rxd6 Qa7 25.e3 Ra4 26.Nc1 Qc5 27.Nb3 Qa7 28.Nc1 Qc5 29.Nb3 Qa7  1/2-1/2

[Event "II Open"]
[Site "Calvia ESP"]
[Date "2005.10.24"]
[Round "5"]
[White "Perez Aleman,P"]
[Black "Perez Fungueiro,M"]
[Result "0-1"]
[WhiteElo "2202"]
[BlackElo "2277"]

1.Nf3 c5 2.c4 Nf6 3.Nc3 g6 4.e4 Bg7 5.d4 cxd4 6.Nxd4 Nc6 7.Be3 O-O 8.Be2 b6
9.Qd2 Bb7 10.f3 Qb8 11.O-O Rd8 12.Rfd1 d6 13.Rac1 Rd7 14.Nd5 Qf8 15.b4 Rad8
16.Nxc6 Bxc6 17.b5 Bxd5 18.cxd5 e6 19.Bg5 exd5 20.Bxf6 Bxf6 21.Qxd5 Qh6 22.Rc6 Qe3+
23.Kf1 h5 24.Rd3 Qh6 25.Bd1 h4 26.h3 Qf4 27.Rd2 Be5 28.Ke2 Qh2 29.Kd3 Bf4
30.Re2 Qg1 31.Bb3 Re8 32.Kc4 Qf1 33.Qd1 d5+ 34.Kb4 Qxd1 35.Bxd1 dxe4 36.Bb3 Bd6+
37.Kc3 e3 38.Bd5 Kg7 39.Be4 Bc5 40.Rxc5 bxc5 41.Bc6 Rd2 42.Rxd2 exd2 43.Kxd2 Rd8+
44.Kc3 Rd4 45.a4 Rxa4 46.b6 Ra3+ 47.Kb2 Ra6 48.b7 Rxc6  0-1

[Event "Femida w"]
[Site "Kharkiv UKR"]
[Date "2005.10.24"]
[Round "9"]
[White "Dvoretska,O"]
[Black "Alexanian,N"]
[Result "0-1"]
[WhiteElo "2122"]
[BlackElo "2161"]

1.Nf3 Nf6 2.c4 c5 3.Nc3 d5 4.cxd5 Nxd5 5.d4 cxd4 6.Qxd4 Nxc3 7.Qxc3 Nc6 8.e4 e6
9.Bb5 Bd7 10.O-O a6 11.Ba4 b5 12.Bb3 b4 13.Qe3 Be7 14.Rd1 O-O 15.e5 Qc7 16.Qe4 Na5
17.Bc2 g6 18.Nd4 Nc4 19.Re1 Rfd8 20.Bb3 Rac8 21.h4 Be8 22.Nf3 Qc6 23.Qf4 a5
24.h5 a4 25.Bxa4 Qxa4 26.b3 Qa6 27.bxc4 Qxc4 28.Qh2 Qg4 29.hxg6 hxg6 30.Qf4 Qxf4
31.Bxf4 Rc2 32.Be3 Ra8 33.Rec1 Rxc1+ 34.Rxc1 Bb5 35.Rc2 Bd3 36.Rb2 Bc4 37.Nd4 Rxa2
38.Rxa2 Bxa2 39.Nc6 Bf8 40.Bd2 b3 41.Bc1 Bc5 42.Bb2 Kf8 43.Kf1 Ke8 44.Ke2 Kd7
45.Na5 Kc7 46.f3 Kb6 47.Nc4+ Kb5 48.Nd2 Ka4 49.Nc4 Bb1 50.Kd2 g5 51.g4 Bg6
52.Nd6 Bb4+ 53.Kc1 Ba3 54.Nc4 Bc5 55.Kd2 Kb5 56.Ne3 Kb4 57.Nd1 Bb6 58.Ne3 Ka4
59.Nd1 Ba5+ 60.Kc1 Bd3 61.Nc3+ Bxc3 62.Bxc3 Ka3 63.Kd2 Bf1 64.Kc1 Ka2 65.f4 gxf4
66.g5 Bd3 67.Kd2 Be4 68.Kc1 f3  0-1

[Event "5th Rohde Open"]
[Site "Sautron FRA"]
[Date "2005.10.26"]
[Round "5"]
[White "Wirig,A"]
[Black "Levacic,M"]
[Result "1-0"]
[WhiteElo "2415"]
[BlackElo "1993"]

1.Nf3 Nf6 2.c4 c5 3.Nc3 d5 4.cxd5 Nxd5 5.e3 Nc7 6.Ne5 Nd7 7.Nf3 Nf6 8.Qc2 Bg4
9.Ne5 Bh5 10.Qa4+ Nd7 11.g4 Bg6 12.h4 f6 13.Nxg6 hxg6 14.Qe4 Ne5 15.f4 Nf7
16.Qxb7 Nd6 17.Qc6+ Qd7 18.Bg2 Rc8 19.Qxd7+ Kxd7 20.Ne4 Nd5 21.Nxd6 Kxd6
22.b3 e5 23.fxe5+ fxe5 24.Ke2 Be7 25.Ba3 Bxh4 26.Rac1 g5 27.Bxd5 Kxd5 28.Rc4 Rhf8
29.Rhc1 Rf2+ 30.Kd3 e4+ 31.Rxe4 Rxd2+ 32.Kxd2 Kxe4 33.Ke2 Rf8 34.Rc4+ Ke5
35.Rxc5+  1-0

[Event "SCG First League w"]
[Site "Vrnjacka Banja SCG"]
[Date "2005.10.27"]
[Round "11"]
[White "Prudnikova,S"]
[Black "Bjeloglav,M"]
[Result "1-0"]
[WhiteElo "2362"]
[BlackElo "2048"]

1.Nf3 Nf6 2.c4 c5 3.Nc3 g6 4.d4 cxd4 5.Nxd4 Bg7 6.e4 d6 7.Be2 O-O 8.Be3 b6
9.O-O Bb7 10.f3 Nbd7 11.a4 a6 12.a5 bxa5 13.Nb3 Qc7 14.Nxa5 Rfb8 15.Qd2 Bc8
16.Rfb1 Nb6 17.Ra2 Nfd7 18.b3 Ne5 19.Rc2 Nc6 20.Nxc6 Qxc6 21.f4 Bb7 22.Bf3 Qc7
23.Qf2 Nd7 24.h4 Nc5 25.Nd5 Qd8 26.e5 Nd3 27.Qd2 Bxd5 28.Bxd5 Nb4 29.Bxa8 Nxc2
30.Qxc2 Rxa8 31.Rd1 Qc7 32.exd6 exd6 33.Rd5 Qe7 34.Bf2 Bf6 35.h5 Rb8 36.Qd3 Rd8
37.Kf1 Qc7 38.g4 Bg7 39.Bh4 Rd7 40.c5 Bf8 41.Bf6 Qc6 42.hxg6 hxg6 43.f5 Qb5
44.Qxb5 axb5 45.c6 Rc7 46.Rxb5 Rxc6 47.Rb8 Rc7 48.b4 d5 49.Ke2 Rc4 50.b5 Rxg4
51.Kd3 gxf5 52.Be7 f4 53.Bxf8 f3 54.Ke3 d4+ 55.Kxf3 f5 56.b6 Rg1 57.Bc5+  1-0

[Event "TCh-HUN 2005-6"]
[Site "Hungary HUN"]
[Date "2005.10.30"]
[Round "2"]
[White "Banusz,T"]
[Black "Papp,Ga"]
[Result "1/2-1/2"]
[WhiteElo "2460"]
[BlackElo "2474"]

1.Nf3 Nf6 2.c4 c5 3.Nc3 e6 4.g3 b6 5.Bg2 Bb7 6.O-O Be7 7.Re1 d5 8.cxd5 Nxd5
9.e4 Nb4 10.d4 cxd4 11.Nxd4 N8c6 12.Nxc6 Qxd1 13.Rxd1 Bxc6 14.a3 Nc2 15.Ra2 Rd8
16.Rxd8+ Bxd8 17.b4 Ne1 18.Bh1 Nd3 19.Be3 Ne5 20.Bd4 f6 21.Bg2 Bc7 22.Rc2 Kd7
23.f4 Nf7 24.Bh3 Bb8 25.Kf2 Bb7 26.Bf1 Ke7 27.Be3 h5 28.a4 Nd6 29.Bd3 h4
30.g4 Rc8 31.h3 Nc4 32.Bc1 Nd6 33.Be3 Nc4 34.Bc1 Nd6 35.Be3 Kd7 36.Ke2 Nc4
37.Bc1 Nd6 38.Be3 Nc4 39.Bc1 Nd6 40.Be3 Kd8 41.Rc1 Nc4 42.Nb5 Nxe3 43.Rxc8+ Bxc8
44.Kxe3 a6 45.Nd4 e5 46.Nc6+ Kc7 47.Nxb8 Kxb8 48.f5 a5 49.b5 Kc7 50.Kd2 Kd6
51.Kc3 Bd7 52.Bc4 Be8 53.Bg8 Kc5 54.Bc4 Bd7 55.Bd3 Bc8 56.Bc4 Bb7 57.Bd3 Ba8
58.Bc2 Bb7 59.Bd3 Kd6 60.Kd2 Ke7 61.Ke3 Kd7 62.Bc2 Kd6 63.Kd3 Bc8 64.Bb3 Bd7
65.Bc4 Be8 66.Kc3 g6 67.fxg6 Bxg6 68.Bd3 Kc5 69.Bc2 Bf7 70.Bd3 Be6 71.Bf1 Ba2
72.Bd3 Bf7 73.Bf1 Be8 74.Bc4 Bd7 75.Be2 Kd6 76.Bf1 Ke7 77.Bc4 Kf8 78.Kd3 Bc8
79.Ke3 Ke7 80.Kd2 Ke8 81.Ke3 Kf8 82.Kd2 Ke7 83.Kc3 Bb7 84.Bd3 Kf7 85.Kd2 Kf8
86.Kc3 Bc8 87.Bc4 Kg7 88.Kd2 Bd7 89.Bb3 Kg6 90.Ke3 Kg5 91.Kf3 Kh6 92.Bc4 Kg7
93.Ke3 Kf8 94.Kd2 Ke7 95.Kc3 Be8 96.Be2 Bg6 97.Bf3 Kf8 98.Kc4 Bf7+ 99.Kc3 Kg7
100.Be2 Bg6 101.Bd3 Kh6 102.Kc4 Bf7+ 103.Kc3 Kg5 104.Bc4 Bg6 105.Kd3 Kf4
106.Bd5 Bh7 107.Bc6 Bg8 108.Bd5 Bh7 109.Bc6 Kf3 110.Bd5 Bg6 111.Bc6 Kg3 112.Ke3 Bf7
113.Bd5 Be8 114.Bc6 Bf7 115.Bd5 Bg6 116.Bc6 Kg2 117.Bd5 Kg3  1/2-1/2

[Event "10th Governors Cup"]
[Site "Sioux Falls USA"]
[Date "2005.10.30"]
[Round "4"]
[White "Ehlvest,J"]
[Black "Simutowe,A"]
[Result "1-0"]
[WhiteElo "2618"]
[BlackElo "2458"]

1.Nf3 Nf6 2.c4 c5 3.Nc3 d5 4.cxd5 Nxd5 5.d4 cxd4 6.Qxd4 Nxc3 7.Qxc3 Nc6 8.e4 e6
9.Bb5 Bd7 10.O-O a6 11.Ba4 b5 12.Bb3 b4 13.Qe3 Na5 14.Rd1 Qc7 15.Bd2 Nxb3
16.axb3 Be7 17.Rac1 Qb8 18.Qd4 Bf6 19.e5 Bd8 20.Bxb4 Bb5 21.Qg4 g6 22.Nd2 h5
23.Qf3 Ra7 24.Ne4 Be7 25.Bxe7  1-0

[Event "TCh-CZE Extraliga 2005-6"]
[Site "Czech Rep CZE"]
[Date "2005.11.05"]
[Round "3"]
[White "Vokoun,J"]
[Black "Lechtynsky,J"]
[Result "1-0"]
[WhiteElo "2306"]
[BlackElo "2439"]

1.Nf3 Nf6 2.c4 c5 3.Nc3 e6 4.g3 b6 5.Bg2 Bb7 6.O-O Be7 7.d4 cxd4 8.Qxd4 d6
9.Rd1 a6 10.b3 Nbd7 11.Bb2 O-O 12.Nd2 Bxg2 13.Kxg2 Qc7 14.Rac1 Qb7+ 15.Kg1 Rfd8
16.Qf4 h6 17.Nce4 Ne8 18.g4 Rac8 19.g5 hxg5 20.Nxg5 Bxg5 21.Qxg5 Ndf6 22.Rc3 Rc5
23.Qg2 Qxg2+ 24.Kxg2 b5 25.Ba3 Rcc8 26.Bb4 bxc4 27.Rxc4 d5 28.Rcc1 Rb8 29.Ba5 Rdc8
30.Nf3 Rxc1 31.Rxc1 Ne4 32.Nd4 N8d6 33.f3 Nf6 34.Kf2 Kh7 35.Nc6 Rc8 36.Bd2 Nfe8
37.Ne5 Ra8 38.Rc5 f6 39.Nd3 Kg6 40.Bb4 Kf7 41.Rc6 Nb7 42.Rb6 Nd8 43.Ba5 Rc8
44.Rxa6 Nc6 45.Bd2 e5 46.b4 Nd6 47.a4 Nc4 48.Be1 Nd4 49.b5 Rh8 50.Kg2 Ne3+
51.Kg1 Nec2 52.Bg3 Nxe2+ 53.Kf2 Ned4 54.b6 Rb8 55.Nxe5+ fxe5 56.Bxe5 Re8
57.b7 Nb4 58.Ra7 Nd3+ 59.Kf1 Rxe5 60.b8=Q+ Kg6 61.Qd6+ Ne6 62.Re7 Re1+ 63.Kg2 Nf4+
64.Kg3 Re2 65.Rxe6+ Nxe6 66.a5 Kh5 67.f4 Rd2 68.Qxe6  1-0

[Event "zt 2.5"]
[Site "Las Condes CHI"]
[Date "2005.11.08"]
[Round "3"]
[White "Labollita,M"]
[Black "Valdes Escobar,A"]
[Result "1/2-1/2"]
[WhiteElo "2408"]
[BlackElo "2254"]

1.Nf3 Nf6 2.c4 e6 3.Nc3 c5 4.g3 b6 5.Bg2 Bb7 6.O-O Be7 7.Re1 d5 8.cxd5 exd5
9.d4 O-O 10.Bf4 Ne4 11.Rc1 Nc6 12.a3 Rc8 13.h4 h6 14.Bh3 f5 15.dxc5 Nxc3
16.bxc3 bxc5 17.Qc2 Qd7 18.Rcd1 Qe6 19.Qa2 c4 20.e3 Rcd8 21.Nd4 Nxd4 22.exd4 Qd7
23.Qd2 Rde8 24.Re2 Bc8 25.a4 Bf6 26.Bg2 Bb7 27.a5 Qd8 28.Rde1 Rxe2 29.Qxe2 Qxa5
30.Qe6+ Kh8 31.Bd6 Bc8 32.Qxd5 Qxc3 33.Re3 Qa1+ 34.Kh2 Rd8 35.Qc6 Qxd4 36.Re8+ Rxe8
37.Qxe8+ Kh7 38.h5 Qxd6 39.Qg6+ Kg8 40.Qe8+  1/2-1/2

[Event "Bundesliga 2005-6"]
[Site "Leipzig GER"]
[Date "2005.11.13"]
[Round "4"]
[White "Kern,G"]
[Black "Schunk,T1"]
[Result "1/2-1/2"]
[WhiteElo "2340"]
[BlackElo "2315"]

1.c4 Nf6 2.Nc3 c5 3.Nf3 d5 4.cxd5 Nxd5 5.e3 Nc6 6.Bb5 Nxc3 7.bxc3 Bd7 8.O-O e6
9.d4 Be7 10.a4 O-O 11.Ba3 cxd4 12.Bxe7 Qxe7 13.cxd4 Rfd8  1/2-1/2

[Event "TCh-AUT 2005-6"]
[Site "Austria AUT"]
[Date "2005.11.19"]
[Round "2"]
[White "Bischoff,K"]
[Black "Beliavsky,A"]
[Result "1-0"]
[WhiteElo "2555"]
[BlackElo "2631"]

1.Nf3 Nf6 2.c4 e6 3.Nc3 c5 4.e3 d5 5.cxd5 exd5 6.Bb5+ Bd7 7.Bxd7+ Nbxd7 8.O-O a6
9.Qb3 Nb6 10.d3 Be7 11.Ne2 O-O 12.Bd2 Qd6 13.Ng3 g6 14.e4 c4 15.Qd1 dxe4
16.dxe4 Qc6 17.Qc2 Rac8 18.Rae1 Qa4 19.Qc1 Qxa2 20.Bc3 Nbd7 21.Nd4 b5 22.Qh6 Rfe8
23.Ra1 Qxa1 24.Rxa1 b4 25.Be1 Bc5 26.Nc2 c3 27.bxc3 b3 28.Ne3 a5 29.Nd1 Nxe4
30.Kf1 Nb6 31.Rxa5 Nc4 32.Rb5 Bf8 33.Qf4 Nxg3+ 34.hxg3 Red8 35.Ne3 Nxe3+
36.fxe3 Rd1 37.Rxb3 Bd6 38.Qf3 Rc1 39.Ke2  1-0

[Event "2nd Bundesliga Ost 2005-6"]
[Site "Austria AUT"]
[Date "2005.11.19"]
[Round "3"]
[White "Sulyok,M"]
[Black "Stranz,R"]
[Result "1-0"]
[WhiteElo "2205"]
[BlackElo "2234"]

1.c4 c5 2.Nf3 Nf6 3.Nc3 g6 4.e4 d6 5.d4 cxd4 6.Nxd4 Bg7 7.Be2 O-O 8.O-O Nbd7
9.Be3 Nc5 10.f3 Ne6 11.Qd2 Nh5 12.Nxe6 fxe6 13.c5 dxc5 14.Qxd8 Rxd8 15.Bxc5 Nf4
16.Bc4 Rd2 17.Rf2 Bd4 18.Bxd4 Rxd4 19.Bb3 Kf8 20.Nb5 Rd8 21.Nc7 Rb8 22.Rc2 e5
23.g3 Nh3+ 24.Kg2 Ng5 25.h4 Nf7 26.Rac1 Bd7 27.Kf2 a6 28.Ke3 a5 29.Ne6+ Bxe6
30.Bxe6 Rd6 31.Rc8+ Rxc8 32.Rxc8+ Kg7 33.Bxf7 Kxf7 34.Rc5 Rb6 35.Rxe5 Rxb2
36.Rxa5 b5 37.Kd4 Rg2 38.g4 Rf2 39.Ke3 Rh2 40.Rxb5 Rxa2 41.h5 Rh2 42.Kf4 Rh3
43.Ra5 Kg7 44.hxg6 hxg6 45.Ra3 Kf7 46.Kg5 Rg3 47.e5 Rh3 48.Rb3 Rg3 49.Kh4 Rg1
50.f4 Ra1 51.Rb6 Ra7 52.Kg5 e6 53.Rb8 Rc7 54.Rh8 Rc4 55.Rh7+ Kf8 56.Rh6 Kf7
57.Rxg6 Rxf4 58.Rf6+ Rxf6 59.exf6 e5 60.Kh6 e4 61.g5 e3 62.g6+  1-0